000 00353pab a2200145 454500
008 180718b2006 xxu||||| |||| 00| 0 eng d
100 _aHill, Dave
245 _aClass, neoliberal global capital, education and resistance
260 _c2006
300 _ap.47-76.
362 _aSep
650 _aEducation
773 _aSocial Change
909 _a72641
999 _c72641
_d72641